ბათუმის შოთა რუსთაველის სახელმწიფო უნივერსიტეტის ბიბლიოთეკა

Хронология древнего мира : (ბიბ.ჩანაწერი № 61024)

000 -LEADER
fixed length control field 00714nam a22001817a 4500
005 - DATE AND TIME OF LATEST TRANSACTION
control field 20231207155711.0
008 - FIXED-LENGTH DATA ELEMENTS--GENERAL INFORMATION
fixed length control field 231207s1975 ru ||||| |||| 00| 0 rus d
041 ## - LANGUAGE CODE
Language code of text/sound track or separate title rus
080 ## - UNIVERSAL DECIMAL CLASSIFICATION NUMBER
Universal Decimal Classification number 930.24 Б-60
100 ## - MAIN ENTRY--PERSONAL NAME
Personal name Бикерман, Э.
9 (RLIN) 20622
245 ## - TITLE STATEMENT
Title Хронология древнего мира :
Remainder of title Ближний Восток и Античность /
Statement of responsibility, etc. Э. Бикерман.
264 ## - PRODUCTION, PUBLICATION, DISTRIBUTION, MANUFACTURE, AND COPYRIGHT NOTICE
Place of production, publication, distribution, manufacture Москва,
Name of producer, publisher, distributor, manufacturer «Наука»,
Date of production, publication, distribution, manufacture, or copyright notice 1975.
300 ## - PHYSICAL DESCRIPTION
Extent 336 с.;
Other physical details 22 см.
653 ## - INDEX TERM--UNCONTROLLED
keyword ანტიკური სამყარო
653 ## - INDEX TERM--UNCONTROLLED
keyword ახლო აღმოსავლეთი და ანტიკურობა
653 ## - INDEX TERM--UNCONTROLLED
keyword ქრონოლოგია
942 ## - ADDED ENTRY ELEMENTS (KOHA)
Source of classification or shelving scheme
Koha item type წიგნი
ეგზემპლარები
Withdrawn status Lost status Source of classification or shelving scheme Damaged status Not for loan Permanent Location Current Location Shelving location Date acquired Cost, normal purchase price Full call number Barcode Date last seen Copy number Uniform Resource Identifier Price effective from Koha item type Public note
          ბათუმის შოთა რუსთაველის სახელმწიფო უნივერსიტეტის მთავარი ბიბლიოთეკა ბათუმის შოთა რუსთაველის სახელმწიფო უნივერსიტეტის მთავარი ბიბლიოთეკა წიგნსაცავი 2023-12-07 5.00 930.24 Б-60 65544 2023-12-07 65544 ბსუ-ს საპატიო დოქტორის გურამ ლორთქიფანიძის საჩუქარი 2023-12-07 წიგნი 5 ლ.